<?xml version="1.0" encoding="UTF-8"?>
<record
    xmlns:xsi="http://www.w3.org/2001/XMLSchema-instance"
    xsi:schemaLocation="http://www.loc.gov/MARC21/slim http://www.loc.gov/standards/marcxml/schema/MARC21slim.xsd"
    xmlns="http://www.loc.gov/MARC21/slim">

  <leader>01081nam a22002537a 4500</leader>
  <datafield tag="999" ind1=" " ind2=" ">
    <subfield code="c">8800</subfield>
    <subfield code="d">8800</subfield>
  </datafield>
  <controlfield tag="003">CO-NeUS</controlfield>
  <controlfield tag="005">20201020091642.0</controlfield>
  <controlfield tag="008">140202b        ck ||||| |||| 00| 0 spa d</controlfield>
  <datafield tag="020" ind1=" " ind2=" ">
    <subfield code="a">8470304445</subfield>
  </datafield>
  <datafield tag="040" ind1=" " ind2=" ">
    <subfield code="c">CO-NeUS</subfield>
    <subfield code="a">CO-NeUS</subfield>
    <subfield code="b">spa</subfield>
    <subfield code="e">rda</subfield>
  </datafield>
  <datafield tag="100" ind1="1" ind2=" ">
    <subfield code="a">Sabucedo, J.M.</subfield>
    <subfield code="9">81251</subfield>
    <subfield code="e">autor</subfield>
  </datafield>
  <datafield tag="245" ind1="1" ind2="0">
    <subfield code="a">Medios de comunicaci&#xF3;n de masas y conducta pol&#xED;tica / </subfield>
    <subfield code="c">J.M. Sabucedo, M. Rodr&#xED;guez</subfield>
  </datafield>
  <datafield tag="264" ind1=" " ind2=" ">
    <subfield code="a">Madrid : </subfield>
    <subfield code="b"> Biblioteca Nueva</subfield>
    <subfield code="c">1997</subfield>
  </datafield>
  <datafield tag="300" ind1=" " ind2=" ">
    <subfield code="a">127 paginas </subfield>
    <subfield code="c">21 cm.</subfield>
  </datafield>
  <datafield tag="490" ind1="0" ind2=" ">
    <subfield code="a">Biblioteca Nueva - Psicolog&#xED;a Universidad</subfield>
    <subfield code="9">95097</subfield>
  </datafield>
  <datafield tag="505" ind1="0" ind2="0">
    <subfield code="a">Primeras aproximaciones sobre los efectos de los Mass Media -- Los efectos m&#xED;nimos -- Comunicaci&#xF3;n y proceso</subfield>
  </datafield>
  <datafield tag="505" ind1="0" ind2="0">
    <subfield code="a">de persuaci&#xF3;n -- Reconsideraci&#xF3;n de los efectos de los medios de comunicaci&#xF3;n de masas -- El establecimiento</subfield>
  </datafield>
  <datafield tag="505" ind1="0" ind2="0">
    <subfield code="a">de la agenda -- Indicadores culturales -- Medios de comunicaci&#xF3;n de masas y participaci&#xF3;n pol&#xED;tica</subfield>
  </datafield>
  <datafield tag="505" ind1="0" ind2="0">
    <subfield code="a">convencional y no convencional --</subfield>
  </datafield>
  <datafield tag="700" ind1="1" ind2=" ">
    <subfield code="a">Rodr&#xED;guez, M.</subfield>
    <subfield code="9">79711</subfield>
  </datafield>
  <datafield tag="082" ind1="0" ind2="4">
    <subfield code="a">302.23 / </subfield>
    <subfield code="2">302.23 / </subfield>
    <subfield code="b">S118m</subfield>
  </datafield>
  <datafield tag="650" ind1="1" ind2="4">
    <subfield code="a">Medios de comunicacion de masas</subfield>
    <subfield code="9">116129</subfield>
  </datafield>
  <datafield tag="650" ind1="1" ind2="4">
    <subfield code="a">Etica politica</subfield>
    <subfield code="9">109923</subfield>
  </datafield>
  <datafield tag="942" ind1=" " ind2=" ">
    <subfield code="2">ddc</subfield>
    <subfield code="c">CG</subfield>
    <subfield code="h">302.23 / </subfield>
    <subfield code="k">S118m</subfield>
  </datafield>
</record>
